| 000 | 00649cam a2200241ua 4500 | ||
|---|---|---|---|
| 020 |
_a0-07-462008-8 _c260.00 |
||
| 041 |
_aeng _h |
||
| 082 |
_a697.93 _bANA/BA |
||
| 100 | _aAnanthanarayanan, P.N . | ||
| 245 |
_aBasic refrigeration and air conditioning / _cP.N.Ananthanarayanan. _hTextual Documents |
||
| 250 |
_a / _b. |
||
| 260 |
_aNew Delhi : _bTata Mc-Graw Hill Publishing Company , _c1985. |
||
| 300 | _a288 ; . | ||
| 365 | _a260.00 | ||
| 500 | _a17960, 17961 Scheme | ||
| 504 | _a | ||
| 942 | _cBK | ||
| 999 |
_c1558 _d1558 |
||